Music Quiz

Random Music or Bands Quiz

Guitarists by band - 2.0 Quiz Stats

 Plays Quiz not verified by Sporcle

Also try: 'Get' Song Titles
Challenge
Share
Tweet
Embed
Score 0/105 Timer 11:00
0 Plays Today
Band Guitarist % Correct
Guns N' RosesSlash
100%
The BeatlesGeorge Harrison
100%
Cream, Derek & The Dominos, YardbirdsEric Clapton
95.7%
(Self Titled) ExperienceJimi Hendrix
95.7%
Led ZeppelinJimmy Page
95.7%
Rolling StonesKeith Richards
93.5%
QueenBrian May
91.3%
NirvanaKurt Cobain
89.1%
The WhoPete Townshend
89.1%
AerosmithJoe Perry
87%
U2The Edge
87%
AC/DCAngus Young
84.8%
Allman Brothers BandDickey Betts
84.8%
Van HalenEddie Van Halen
84.8%
The RamonesJohnny Ramone
84.8%
Pink FloydDavid Gilmour
76.1%
Grateful DeadJerry Garcia
76.1%
Green DayBillie Joe Armstrong
73.9%
KissAce Frehley
71.7%
(Self Titled) Group, YardbirdsJeff Beck
69.6%
Red Hot Chili PeppersJohn Frusciante
63%
Deep PurpleRitchie Blackmore
60.9%
RushAlex Lifeson
58.7%
Dire StraitsMark Knopfler
58.7%
PanteraDimebag Darrell
56.5%
Mothers Of InventionFrank Zappa
54.3%
The DoorsRobby Krieger
54.3%
PoisonC. C. DeVille
45.7%
ChickenfootJoe Satriani
45.7%
The Guess Who, Bachman-Turner OverdriveRandy Bachman
45.7%
MuseMatt Bellamy
43.5%
Def LeppardPhil Collen
39.1%
Double TroubleStevie Ray Vaughan
37%
MotörheadEddie Clarke
32.6%
Black SabbathTony Iommi
32.6%
Band Guitarist % Correct
Creedence Clearwater RevivalJohn Fogerty
32.6%
MetallicaKirk Hammett
32.6%
Ozzy OsbourneRandy Rhoads
30.4%
Talking HeadsJerry Harrison
30.4%
R.E.M.Peter Buck
28.3%
EaglesJoe Walsh
28.3%
White StripesJack White
28.3%
Jethro TullMartin Barre
26.1%
Audioslave, Rage Against The MachinTom Morello
26.1%
ExtremeNuno Bettencourt
23.9%
Foo FightersChris Shiflett
23.9%
The KinksDave Davies
23.9%
Tom Petty & The HeartbreakersMike Campbell
21.7%
The KooksHugh Harris
19.6%
Mötley CrüeMick Mars
19.6%
Pearl JamMike McCready
19.6%
Sex PistolsSteve Jones
19.6%
WeezerRivers Cuomo
19.6%
ZZ TopBilly Gibbons
19.6%
Blue Öyster CultBuck Dharma
17.4%
Iron MaidenDave Murray
17.4%
JourneyNeal Schon
17.4%
Kaiser ChiefsAndrew White
17.4%
King CrimsonRobert Fripp
17.4%
Smashing PumpkinsBilly Corgan
17.4%
Tenacious DKyle Gass
17.4%
The Beach BoysCarl Wilson
17.4%
Yes, AsiaSteve Howe
17.4%
Lynyrd SkynyrdGary Rossington
15.2%
The ClashMick Jones
15.2%
The PoliceAndy Summers
13%
Thin LizzyScott Gorham
13%
UFOMichael Schenker
13%
Living ColourVernon Reid
10.9%
MegadethMarty Friedman
10.9%
Band Guitarist % Correct
Humble PiePeter Frampton
10.9%
ScorpionsUli Jon Roth
10.9%
T. RexMarc Bolan
10.9%
Cheap TrickRick Nielsen
8.7%
Uriah HeepMick Box
6.5%
Arctic MonkeysAlex Turner
6.5%
Duran DuranAndy Taylor
6.5%
System Of A DownDaron Malakian
6.5%
Beastie BoysAdrock
4.3%
Bruce Springsteen & E Street BandSteve Van Zandt
4.3%
Gnarls Barkley, Red Hot Chili PeppersJosh Klinghoffer
4.3%
GorillazNoodle
4.3%
KansasRich Williams
4.3%
StyxTommy Shaw
4.3%
The OffspringNoodles
4.3%
WolfmotherAndrew Stockdale
4.3%
Franz FerdinandAlex Kapranos
2.2%
Grand Funk RailroadMark Farner
2.2%
MGMTAndrew VanWyngarden
2.2%
Velvet UndergroundSterling Morrison
2.2%
WhitesnakeMicky Moody
2.2%
The FratellisJon Fratelli
0%
The HivesVigilante Carlstroem
0%
Hootie & The BlowfishMark Bryan
0%
IncubusMike Einziger
0%
Joy Division, New OrderBernard Sumner
0%
KasabianSergio Pizzorno
0%
The KillersDave Keuning
0%
PhoenixLauren Brancowitz
0%
Queens Of The Stone AgeTroy Van Leeuwen
0%
Skid RowDave Sabo
0%
Stone RosesJohn Squire
0%
The StrokesNick Valensi
0%
The CultBilly Duffy
0%
WilcoJeff Tweedy
0%

You're not logged in!

Compare scores with friends on all Sporcle quizzes.
OR
Log In

You Might Also Like...

Show Comments

Extras

Created Dec 13, 2010ReportNominate
Tags:Bands Quiz, guitarist

Top Quizzes Today


Score Distribution

Your Account Isn't Verified!

In order to create a playlist on Sporcle, you need to verify the email address you used during registration. Go to your Sporcle Settings to finish the process.

Report this User

Report this user for behavior that violates our Community Guidelines.

Details: